000 00555nam a2200217Ia 4500
003 OSt
005 20230401123915.0
008 210423s2009 xx 000 0 und d
020 _a9788120336647
040 _cAL
041 _aeng
082 _a658.15 SHAV
100 _aSHARAN (Vyuptakesh).
_981899
245 _aInternational financial management.
250 _a5
260 _aNew Delhi
_bPHI Learning Pvt Ltd
_c2009
300 _axviii,562
_bPB
365 _b350
_cINR
906 _afinancial ; International ; management.
942 _2ddc
_cBK
999 _c157873
_d157873